Catalog

Record Details

Catalog Search



Amarú, syn hadí  Cover Image Book Book

Amarú, syn hadí / František Křelina

Record details

  • ISBN: 80-7029-097-8
  • Physical Description: 252 s. ; 20 cm
  • Edition: 2. vyd., v nakl. Blok 1. vyd.
  • Publisher: Brno : Blok, 1994
Genre: romány

Available copies

  • 1 of 1 copy available at Common Catalog SPOK.

Holds

  • 0 current holds with 1 total copy.
Show All Copies
Location Call Number / Copy Notes Barcode Shelving Location Status Due Date
KDS Library 810 KřF 204576800738 Library Available -

LDR 00764nam a2200277 a 4500
00120390
003CZ-PrJAB
00520150708055755.0
007ta
008950223s1994 xr u000 1 cze
015 . ‡acnb000090905
020 . ‡a80-7029-097-8 ‡q(brož.)
035 . ‡a(CZ PrNK)np9536628
035 . ‡a(OCoLC)39600297
040 . ‡aABA001 ‡bcze
045 . ‡ax4x4
072 7. ‡a821.162.3-3 ‡xČeská próza ‡2Konspekt ‡925
080 . ‡a885.0-31 ‡2undef
1001 . ‡aKřelina, František, ‡d1903-1976 ‡7jk01070018 ‡4aut
24510. ‡aAmarú, syn hadí / ‡cFrantišek Křelina
250 . ‡a2. vyd., v nakl. Blok 1. vyd.
260 . ‡aBrno : ‡bBlok, ‡c1994
300 . ‡a252 s. ; ‡c20 cm
6530 . ‡ačeská próza
655 7. ‡aromány ‡7fd133289 ‡2czenas
910 . ‡aABE463
998 . ‡a000090905
901 . ‡a20390 ‡b ‡c20390 ‡tbiblio

Additional Resources